| 000 | 00586nam a2200205 u 4500 | ||
|---|---|---|---|
| 005 | 20240803063805.0 | ||
| 008 | 100614s2005 es r 000 0 spa d | ||
| 020 | _a8423680045 | ||
| 035 | _aUPN01000176501 | ||
| 049 | _aCG | ||
| 050 | 4 |
_aPQ6653 A5.5 _bC3.7 2005 |
|
| 100 | 1 |
_aCañizo Perate, José Antonio del, _d1938- _937182 |
|
| 245 | 1 | 3 |
_aEl castillo invisible / _cJosé Antonio del Cañizo. |
| 250 | _a8a ed. | ||
| 260 |
_aBarcelona, Esp. : _bEdebé, _c2005. |
||
| 300 |
_a154 p. : _bil. |
||
| 440 | 0 |
_aPeriscopio ; _v27 |
|
| 650 | 4 |
_aNovela española _910814 |
|
| 905 | _aLibro | ||
| 999 |
_c148604 _d148604 |
||